Historia de la catedral de Burgos (Record no. 161036)

MARC details
000 -LEADER
campo de control de longitud fija 00587nam a2200169 4500
001 - NÚMERO DE CONTROL
campo de control 161036
003 - IDENTIFICADOR DE NÚMERO DE CONTROL
campo de control ES-MaACL
005 - FECHA Y HORA DE LA ÚLTIMA TRANSACCIÓN
campo de control 20230906212200.0
008 - DATOS DE LONGITUD FIJA--INFORMACIÓN GENERAL
campo de control de longitud fija 950412s1847 sp af |||| | spa d
040 ## - FUENTE DE CATALOGACIÓN
Centro catalogador/agencia de origen EUS
Lengua de catalogación spa
Centro/agencia transcriptor EUS
100 1# - ENTRADA PRINCIPAL--NOMBRE DE PERSONA
Nombre de persona Orcajo, Pedro
Títulos y otros términos asociados al nombre (O.P.)
9 (RLIN) 130667
245 10 - MENCIÓN DEL TÍTULO
Título Historia de la catedral de Burgos
Resto del título : dividida en tres partes /
Mención de responsabilidad, etc. Pedro Orcajo.
250 ## - MENCION DE EDICION
Mención de edición 3ª ed.
260 ## - PUBLICACIÓN, DISTRIBUCIÓN, ETC.
Lugar de publicación, distribución, etc. Burgos :
Nombre del editor, distribuidor, etc. [s.n.],
Fecha de publicación, distribución, etc. 1847 (
Fabricante Establecimiento tipográfico de Don Sergio Villanueva)
300 ## - DESCRIPCIÓN FÍSICA
Extensión 256, 8 p., [2] h. de lám. ;
Dimensiones 16 cm.
852 ## - LOCALIZACIÓN
Ubicación ES-MaACL
Número de control de estantería D-371
Nota libre -- Enc. pasta grabada
Holdings
Estatus retirado Estado de pérdida Estado de daño No para préstamo Colección Biblioteca de origen Biblioteca actual Ubicación en estantería Fecha de adquisición Fuente de adquisición Total de préstamos Signatura topográfica completa Código de barras Visto por última vez Precio de reemplazo Tipo de ítem Koha
        Libros del s. XIX Biblioteca del Ateneo de Madrid Biblioteca del Ateneo de Madrid Sala Valle Inclán 17/01/2008     D-371 901168657 23/02/2023 23/02/2023 Libro impreso antiguo